000 00978cam a2200265 a 4500
001 2524083
005 20250617102332.0
008 930706s1993 nyu 001 0 eng
020 _a0679600876 (acidfree paper)
041 1 _aeng
_hlat
050 0 0 _aBR65.A64
_bE5 1993
082 0 0 _a239/.3
_221
100 0 _aAugustine,
_cof Hippo, Saint,
_d354-430.
245 1 4 _aThe city of God /
_cSaint Augustine ; translated by Marcus Dods ; with an introduction by Thomas Merton.
250 _aModern Library ed.
260 _aNew York :
_bModern Library,
_c1993.
300 _axvii, 892 p. ;
_c21 cm.
500 _aIncludes index.
650 0 _aKingdom of God
_vEarly works to 1800.
650 0 _aApologetics
_vEarly works to 1800.
700 1 _aDods, Marcus,
_d1834-1909.
856 4 1 _3Sample text
_uhttp://www.loc.gov/catdir/samples/random044/93027971.html
856 4 2 _3Publisher description
_uhttp://www.loc.gov/catdir/description/random0411/93027971.html
942 _2lcc
_cBK
_n0
999 _c6534
_d6534